PKP General Knowledge #1 - Statistics

General Stats
  • This quiz has been taken 48 times
  • The average score is 8 of 20
Answer Stats
Hint Answer % Correct
Color of Nut's feces on morning run next to the commons Green
90%
What frat should you go to if you want to drink every night as opposed to us who drink only a little Sigma Nu
78%
Shortest whipped committee membership of all time Bragdon
61%
Nickname given to a brother because of a famous Spero moment Mcfent
59%
Phrase painted on every courts apartment since the Seniors were Freshman Bury me in...
54%
Who missed a call out to go to a Chi O formal Chalp Farlekas
49%
Person who "changed his ways" because of a traumatic event during the party from the previous question Griffin Schenker
46%
Venue of chandor's infamous KD formal performance Platform 30
46%
Song that a brother sang on story after barn Earfquake
44%
Brother known for his suspiciously good tik tok Moore
41%
Name of that darty The James
41%
Guys known for making many people leave during a specific hour of barn (Get 1/2) Schlack | Eames
32%
Fortino was known for having rather odd looking Fingers
29%
Time to arrive at Septa lot 9:07
27%
Callahan broke a stall door and hit this brother in the head with it Eman
27%
Key ingredient that a common bartley visiter adds to his favorite XC sandwich Balsamic Vinegar
22%
First name of girl who made a hole in barn and was blacklisted Courtney
17%
Item that the brother from the answer above suffered another vicious crash on Slip n Slide
12%
Person who famously smashed a picture frame at the last Stoga Darty Andrew Rush
7%
Most uninvolved brother of all time Santi ODH
5%
No matching quizzes found
Score Distribution
Percent of People with Each Score
Percentile by Number Answered
Your Score History
You have not taken this quiz